[Event "Girls U20 Polish Youth Championship"]
[Site "Ustron"]
[Date "2019.11.28"]
[Round "7"]
[White "Adamczyk, Zuzanna"]
[Black "Siekanska, Zuzanna"]
[Result "1-0"]
[Board "8"]
[WhiteElo "1992"]
[WhiteCountry "POL"]
[WhiteFideId "1187570"]
[WhiteEloChange "4"]
[BlackElo "1723"]
[BlackCountry "POL"]
[BlackFideId "21852537"]
[BlackEloChange "-4"]

1. e4 {[%clk 1:30:52]} c5 {[%clk 1:30:55]} 2. Nf3 {[%clk 1:31:14]} e6 {[%clk
1:31:20]} 3. d4 {[%clk 1:31:27]} cxd4 {[%clk 1:31:42]} 4. Nxd4 {[%clk 1:31:44]}
Nf6 {[%clk 1:32:03]} 5. Nc3 {[%clk 1:31:42]} d6 {[%clk 1:32:21]} 6. Be2 {[%clk
1:31:46]} Be7 {[%clk 1:32:43]} 7. Be3 {[%clk 1:31:48]} a6 {[%clk 1:31:05]} 8. O-O
{[%clk 1:31:37]} O-O {[%clk 1:23:31]} 9. f4 {[%clk 1:26:53]} Nc6 {[%clk 1:19:55]}
10. Qe1 {[%clk 1:22:46]} Qc7 {[%clk 1:16:38]} 11. Qg3 {[%clk 1:16:47]} Nxd4
{[%clk 1:10:58]} 12. Bxd4 {[%clk 1:16:51]} b5 {[%clk 1:11:04]} 13. a3 {[%clk
1:16:58]} Bb7 {[%clk 1:09:41]} 14. Bd3 {[%clk 1:16:53]} Nh5 {[%clk 1:00:58]} 15.
Qh3 {[%clk 1:13:01]} g6 {[%clk 0:58:18]} 16. f5 {[%clk 1:04:05]} exf5 {[%clk
0:53:47]} 17. exf5 {[%clk 1:03:15]} Bf6 {[%clk 0:53:06]} 18. Bxf6 {[%clk
0:52:19]} Nxf6 {[%clk 0:53:23]} 19. Qh4 {[%clk 0:48:01]} Kg7 {[%clk 0:45:48]} 20.
Ne4 {[%clk 0:41:44]} Nxe4 {[%clk 0:39:10]} 21. Bxe4 {[%clk 0:40:35]} Bxe4 {[%clk
0:37:22]} 22. f6+ {[%clk 0:39:45]} Kh8 {[%clk 0:37:33]} 23. Qxe4 {[%clk 0:38:41]}
h6 {[%clk 0:33:14]} 24. Rf3 {[%clk 0:30:31]} Rae8 {[%clk 0:31:09]} 25. Qf4 {[%clk
0:25:58]} Kh7 {[%clk 0:30:27]} 26. Qd2 {[%clk 0:20:46]} Re6 {[%clk 0:28:47]} 27.
Raf1 {[%clk 0:19:11]} Rfe8 {[%clk 0:27:48]} 28. Rh3 {[%clk 0:17:18]} h5 {[%clk
0:26:59]} 29. b4 {[%clk 0:15:52]} Re2 {[%clk 0:24:01]} 30. Qg5 {[%clk 0:13:44]}
R8e5 {[%clk 0:23:27]} 31. Rxh5+ {[%clk 0:13:37]} Kg8 {[%clk 0:22:47]} 32. Rh8+
{[%clk 0:13:54]} 1-0

[Event "Girls U20 Polish Youth Championship"]
[Site "Ustron"]
[Date "2019.11.28"]
[Round "7"]
[White "Stochnialek, Dominika"]
[Black "Czernikowska, Laura"]
[Result "1-0"]
[Board "9"]
[WhiteElo "1768"]
[WhiteCountry "POL"]
[WhiteFideId "1165402"]
[WhiteEloChange "2"]
[BlackElo "1349"]
[BlackTitle "WCM"]
[BlackCountry "POL"]
[BlackFideId "21805970"]
[BlackEloChange "-2"]

1. e4 {[%clk 1:30:30]} c5 {[%clk 1:30:30]} 2. Nf3 {[%clk 1:30:30]} e6 {[%clk
1:30:30]} 3. c3 {[%clk 1:30:30]} Nf6 {[%clk 1:30:34]} 4. e5 {[%clk 1:30:34]} Nd5
{[%clk 1:30:54]} 5. g3 {[%clk 1:30:33]} d6 {[%clk 1:28:05]} 6. exd6 {[%clk
1:30:17]} Bxd6 {[%clk 1:28:05]} 7. Bg2 {[%clk 1:30:12]} Nc6 {[%clk 1:26:07]} 8.
O-O {[%clk 1:29:25]} O-O {[%clk 1:24:14]} 9. d4 {[%clk 1:27:58]} Qc7 {[%clk
1:20:24]} 10. Na3 {[%clk 1:27:01]} a6 {[%clk 1:15:53]} 11. Nc2 Rd8 {[%clk
1:15:53]} 12. Qe2 h6 {[%clk 1:15:53]} 13. a3 b5 {[%clk 1:15:53]} 14. Ne3 Bb7
{[%clk 1:15:53]} 15. Nxd5 exd5 {[%clk 1:15:53]} 16. Be3 c4 {[%clk 1:15:53]} 17.
Nh4 Ne7 {[%clk 1:15:53]} 18. f4 Bc8 {[%clk 1:15:53]} 19. f5 f6 {[%clk 1:15:53]}
20. Rae1 Kh7 {[%clk 1:15:53]} 21. Bf4 Bxf4 {[%clk 1:15:53]} 22. Rxf4 Ng8 {[%clk
1:15:53]} 23. Qh5 Bb7 {[%clk 1:15:53]} 24. Rf2 Bc6 {[%clk 1:15:53]} 25. Rfe2 a5
{[%clk 1:15:53]} 26. Ng6 Qd6 {[%clk 1:15:53]} 27. Re6 Qc7 {[%clk 1:15:53]} 28.
Re7 Nxe7 {[%clk 1:15:53]} 29. Rxe7 Rd7 {[%clk 1:15:53]} 30. Nf8+ Kh8 {[%clk
1:15:53]} 31. Qg6 Rxe7 {[%clk 0:07:57]} 32. Qh7# {[%clk 0:05:51]} 1-0